Maths words beginning with E - Statistics

General Stats
  • This quiz has been taken 375 times
  • The average score is 6 of 14
Answer Stats
Hint Answer % Correct
has an equals sign equation
75%
mathematical name for an oval ellipse
74%
no remainder when divided by 2 even number
69%
where two faces meet on a 3D shape. edge
67%
same distance apart equidistant
60%
e^(i x pi) + 1 euler's formula
43%
outside angle exterior angle
42%
indices in England exponent
39%
work out x(3+y) expand
38%
no equals sign expression
36%
work out a numerica value for evaluate
31%
close to a sphere ellipsoid
18%
no answers empty set
13%
a solution to an equation that is invalid extraneous solution
6%
No matching quizzes found
Score Distribution
Percent of People with Each Score
Percentile by Number Answered
Your Score History
You have not taken this quiz